| 000 | 00895nam a22001457a 4500 | ||
|---|---|---|---|
| 999 |
_c530301 _d530301 |
||
| 008 | 250604b ||||| |||| 00| 0 eng d | ||
| 100 |
_a Singh, Mayengbam Nandakishwor _954080 |
||
| 245 | _aEducated unemployment and youth in North East India: A critique of established paradigms | ||
| 260 | _aThe Indian Journal of Political Science | ||
| 300 | _a85(4), Oct-Dec, 2024: p.917-924 | ||
| 520 | _aWhile the youths of the north east India are vastly educated, there are clamor about youths of the region experiencing the acute shrinking of job opportunities. In the popular debate, failure of the government coupled with the several nefarious practices is accounted for the scarcity of job avenues for the educated youths. – Reproduce | ||
| 650 |
_aWorks, Knowledge, Market, Economy, Labour, Policy, Government. _954081 |
||
| 773 | _aThe Indian Journal of Political Science | ||
| 942 | _cAR | ||